|
|
|
|
| LEADER |
01006nam a2200265 a 4500 |
| 001 |
16147352 |
| 008 |
120716s2009 enka b 001 0 eng |
| 010 |
|
|
|a 2009292674
|
| 020 |
|
|
|a 9780340983430 (pbk.)
|
| 020 |
|
|
|a 0340983434 (pbk.)
|
| 040 |
|
|
|a UKM
|c UKM
|d YDXCP
|d DLC
|d BD-DhAAL
|
| 042 |
|
|
|a lccopycat
|
| 050 |
0 |
0 |
|a P53.4
|b .D72 2010
|
| 082 |
0 |
4 |
|a 407.6
|2 22
|
| 100 |
1 |
|
|a Douglas, Dan.
|
| 245 |
1 |
0 |
|a Understanding language testing /
|c by Dan Douglas.
|
| 260 |
|
|
|a London :
|b Hodder Education,
|c c2010.
|
| 300 |
|
|
|a ix, 156 p. :
|b ill. ;
|c 24 cm.
|
| 490 |
0 |
|
|a Understanding language series
|
| 504 |
|
|
|a Includes bibliographical references (p. [146]-152) and index.
|
| 541 |
|
|
|e 00025615
|
| 650 |
|
0 |
|a Language and languages
|x Examinations.
|
| 852 |
1 |
|
|a Ayesha Abed Library
|c General shelf.
|
| 999 |
|
|
|c 12549
|d 12549
|
| 952 |
|
|
|0 0
|1 0
|2 ddc
|4 0
|6 407_600000000000000_DOU
|7 0
|9 20723
|a BRACUL
|b BRACUL
|c GEN
|d 2012-07-16
|e RIZA Enterprise
|g 2905.00
|l 10
|m 42
|o 407.6 DOU
|p 3010025615
|r 2025-08-10
|s 2025-07-02
|t 1
|w 2012-07-16
|y BK
|